Biblioteca de México : número 26 : marzo-abril de 1995 /
Gardado en:
| Outros autores: | , , |
|---|---|
| Formato: | Libro |
| Idioma: | Lingua castelá |
| Publicado: |
México :
Biblioteca de México,
1995
|
| Series: | (Biblioteca de México ;
26) |
| Temas: | |
| Etiquetas: |
Sen Etiquetas, Sexa o primeiro en etiquetar este rexistro!
|
MARC
| LEADER | 00000nam^a2200000^a^4500 | ||
|---|---|---|---|
| 001 | 000629796 | ||
| 005 | 20260408000000.0 | ||
| 009 | 20260409133035.925 | ||
| 022 | |a 0188-476X | ||
| 037 | |a Acervo ITESO - Biblioteca | ||
| 041 | |a ESP | ||
| 082 | |a 805. |b BDM V. 26 | ||
| 240 | 1 | 1 | |a [Biblioteca de México] |
| 245 | 0 | 0 | |a Biblioteca de México : |b número 26 : marzo-abril de 1995 / |c Dir. de J. García Terrés ; ed. de J. Moreno Villarreal ; ed. asociado S. González Rodríguez. |
| 264 | 1 | |a México : |b Biblioteca de México, |c 1995 | |
| 300 | |a 63 p. | ||
| 336 | |a texto |b txt |2 rdacontenido | ||
| 337 | |a sin mediación |b n |2 rdamedio | ||
| 338 | |a volumen |b nc |2 rdasoporte | ||
| 440 | 1 | |a (Biblioteca de México ; |v 26) | |
| 567 | |a Catalogación rápida | ||
| 586 | |a Premio Nacional de Ciencias y Artes, categoría Lingüística y Literatura (68°: 2017) | ||
| 649 | |a XX | ||
| 650 | |a Bibliotecas Públicas - |z México (Ciudad) - |x Publicaciones Periódicas - |x Tema Principal | ||
| 650 | |a Bibliotecas Públicas - |z México - |x Publicaciones Periódicas | ||
| 650 | |a Bibliotecas - |z México (Ciudad) - |x Publicaciones Periódicas | ||
| 650 | |a Bibliotecas - |z México - |x Publicaciones Periódicas | ||
| 650 | |a Literatura - |x Publicaciones Periódicas - |x Tema Principal | ||
| 650 | |a Publicaciones Periódicas Mexicanas | ||
| 650 | |a Publicaciones Periódicas | ||
| 700 | |a García Terrés, Jaime |e (dirección) | ||
| 700 | |a Moreno Villarreal, Jaime |e (edición) | ||
| 700 | |a González Rodríguez, Sergio |e (edición) | ||
| 910 | |a Fondo Castillo-Martínez | ||
| 920 | |a Impresos - Libros | ||
| 930 | |a Fondos Especiales | ||
| 940 | |a Literatura | ||
| 905 | |a 127 | ||
| 901 | |a 629796-10 |b IT2 |c ESP |i D124080 |u 20260408 | ||
| 902 | |a https://opac.biblio.iteso.mx/vufind/Record/000629796 | ||